Bioerosión por poliquetos espiónidos (Polychaeta, Spionidae) en moluscos marinos del cuaternario caribeño en Colombia (Registro nro. 16374)

Detalles MARC
000 -CABECERA
Campo de control 007080000a22002050004500
090 ## - CLASIFICACIÓN LOCAL
Colección SERIADAS
041 0# - IDIOMA
Código de idioma para texto/pista de sonido o título separado
044 ## - PAÍS DE PUBLICACIÓN
País de publicación
100 1# - ASIENTO PRINCIPAL--NOMBRE PERSONAL
Nombre personal Domenéch, Rosa
245 10 - MENCION DE TITULO
Título Bioerosión por poliquetos espiónidos (Polychaeta, Spionidae) en moluscos marinos del cuaternario caribeño en Colombia
651 #4 - ASIENTO SECUNDARIO DE MATERIA - NOMBRE GEOGRAFICO
-- Caribe colombiano
700 1# - ASIENTO SECUNDARIO - NOMBRE PERSONAL
Nombre personal Martinell, Jordi
700 1# - ASIENTO SECUNDARIO - NOMBRE PERSONAL
Nombre personal Porta, Jaime de
773 1# - Item fuente:
Título Revista de la Academia Colombiana de Ciencias Exactas, Físicas y Naturales
Descripción física 124
Paginas del Articulo 411-419
Lugar, editorial y fecha de publicación 2008
Información sobre la relación 32
942 ## - ELEMENTOS ADICIONALES (KOHA)
Tipo de ítem Artículo

No hay ítems disponibles.